00713nam a2200289Ia 4500008004100000020001800041050001100059050001300070100001800083245001200101245001800113245002100131260001000152260001100162260000900173300002100182300002000203300001000223500003000233650001400263650003200277650002000309650003200329650003200361700001100393999001900404170711s9999 xx 000 0 und d a9780307394866 a791.45 bK29 2010 aKelley, Kitty aOprah : ba biography / cby Kitty Kelley. aUSA : bCrown, c2010 axiv, 524 pages : billustrations ; c24cm. aIncludes notes and index. aActors -- aTelevision personalities -- aWinfrey, Oprah. xUnited States -- Biography. xUnited States -- Biography. aTitle. c339814d339814